000 01109nam a2200313 i 4500
003 EG-GICUC
005 20260429071858.0
008 260429s1970 gw ||||fr|||| 00| 0 ger d
040 _aEG-GiCUC
_bger
_cEG-GiCUC
_dEG-GiCUC
_eRda
041 0 _ager
082 0 4 _221
_a343.2
_bLA . S
092 0 4 _221
099 _aLaw1 10 343.2 LA . S 1970
100 1 _aR. Laube
_eAuthor.
245 1 0 _a Schaeffers Grundriß des Rechts und der Wirtschaft. Abteilung II :
_bÖffentliches Recht. 25. Band, 2. Teil. Strafrecht, Besonderer Teil /
_c R. Laube, J. Wiefels
264 1 _aStuttgart :
_bVerlag W. Kohlhammer ; Düsseldorf,
_c1970.
300 _a163 page ;
_c 24 cm.
_billustrations,
336 _2rda contenu
_a texte
337 _2rda medias
_aOrdinateur
338 _2 transporteur rda
_a Ressource en ligne
504 _aComprend des references bibliographiques.
546 _a Text in German
650 1 _aCriminal law
_2qrmak
651 1 _2qrmak
700 1 _aJ. Wiefels
_ejoint author.
856 4 0 _uhttps://fll.law.cu.edu.eg/fulltext/bks/B10-11896.pdf
905 _a74
942 _2ddc
_n0
_cBK
_e21
999 _c74021
_d74021